Percepción de la población sobre el borde costero de Valparaíso: informe final
Zapisane w:
| 1. autor: | |
|---|---|
| Format: | Książka |
| Język: | hiszpański |
| Wydane: |
Valparaíso
Pontificia Universidad Católica de Valparaíso
2004
|
| Hasła przedmiotowe: | |
| Etykiety: |
Dodaj etykietę
Nie ma etykietki, Dołącz pierwszą etykiete!
|
MARC
| LEADER | 00000nam a2200000 a 4500 | ||
|---|---|---|---|
| 001 | UCK2904 | ||
| 003 | CL-VaPUC | ||
| 008 | 050324e20040000CL |||||||||||||||||spa|d | ||
| 082 | 0 | 4 | |a 711 |b QUI |2 21 |
| 100 | 0 | |a Quiroz V., Francisco |e author |9 490903 | |
| 245 | 1 | 0 | |a Percepción de la población sobre el borde costero de Valparaíso: informe final |
| 300 | |a 70 p | ||
| 942 | |c BK | ||
| 945 | |d 20050324 00:00:00 |a cmena | ||
| 260 | |a Valparaíso |b Pontificia Universidad Católica de Valparaíso |c 2004 | ||
| 500 | |a Corresponde a: Taller de Consultoría | ||
| 500 | |a Dirigido por: Inés Guerrero Santana | ||
| 650 | 0 | |a Borde costero |9 463353 | |
| 650 | 0 | |a Planificación urbana |9 258176 | |
| 650 | 0 | |a Encuestas |9 259666 | |
| 650 | 0 | |a Muestreo (Estadística) |9 270232 | |
| 650 | 0 | |a Estadística matemática |9 260028 | |
| 583 | |a last modification |c 20050324 00:00:00 |k Rodrigo Vera | ||
| 999 | |c 312295 |d 312293 | ||
| 952 | |0 0 |1 0 |2 ddc |4 0 |6 711_000000000000000_QUI_2004 |7 0 |8 T |9 382362 |a BIBGIM |b BIBGIM |d 2019-11-21 |i 4084217 |o 711 QUI 2004 |p 4084217 |r 2019-11-21 |w 2019-11-21 |y BK_F |k EST | ||